000 00692nam a2200217Ii 4500
003 JO-AjNU
008 230605s9999||||xx |||||||||||||| ||und||
017 _a2004/18778
020 _a977-270-707-7
040 _aJO-AjNU
_bara
_erda
_cJO-AjNU
041 _aara
050 1 4 _aDP113.2004
100 3 _aمكيافيللى؛ ترجمة مؤمن، اكرم,
_eauthor
_97306
245 0 0 _aكتاب الامير
264 3 1 _aجدة: مكتبة الساعي للنشر والتوزيع، 2004
300 _a127ص
336 _atext
_btxt
_2rdacontent
337 _aunmediated
_bn
_2rdamedia
338 _avolume
_bnc
_2rdacarrier
650 4 _aعلوم سياسية-ايطاليا-تاريخ
_97307
999 _aA213
_c3781
_d3781